000 01639nam a2200361 c 4500
999 _c52689
_d52689
003 BLK
005 20210204143650.0
008 180408b bul|||||r ||||||| ||bul||
010 _aKNG00056613000
020 _a954-01-1585-Х
040 _aBLK
041 _aBUL
_cBUL
080 _aИзобразително изкуство в основното училище
_b372.875
_x(075.2)
_z372.875(075.2)
100 1 _aАнгелова, Лучия Малинова
_eпърви автор
_9284601
139 _aАнгелова, Лучия Малинова и др.
_bА 64
245 1 0 _aИзобразително изкуство за ІІІ клас
_cЛучия Малинова Ангелова; съавт. Пламен Анатолиев Легкоступ.
257 _aBGR
260 _bПросвета
_c2004
_fРусе : Дунав прес
300 _a91 с.
_bс цв. ил.
_c29 см
380 _a3
500 _aАвт. не са отбелязани на кор. - Съдържа и Речник за ученика
650 4 _aИзобразително изкуство - учебници за основни училища
_9254793
653 _aрисуване
653 _aизобразително изкуство
653 _aучебници за основни училища
653 _aІІІ кл.
700 1 _aЛегкоступ, Пламен Анатолиев
_eсъавт.
_9368790
852 _aЦб ІІ 13452
856 4 _qpdf
856 4 _qpdf
942 _cKNG
_n0
_s1
944 _aCR
_c15.11.2005
_lф /
_kЛюдмила_Стоянова
944 _aED
_c02.02.2011
_lф /
999 _d52689